| 000 | 00804nam a2200253Ia 4500 | ||
|---|---|---|---|
| 003 | GCL | ||
| 008 | 140319s9999 xx 000 0 ara d | ||
| 040 |
_aGCL / _cGCL |
||
| 082 | 0 | 4 |
_a891.59 _bل م |
| 100 | 1 | _aليسكو، روجر | |
| 245 | 1 | 0 |
_aمم الأن : الاسطورة الكردية المغناه (هديه من الآديب عبدالفتاح الجمل) / _cليسكو، روجر |
| 700 | 1 | _aبدرخان السندى (مترجم) | |
| 300 | _a227 | ||
| 490 |
_aكتاب _v0 |
||
| 650 | 0 | 4 | _aالشعر |
| 650 | 0 | 4 | _aالادب الشعبى |
| 650 | 0 | 4 | _aالشعر الغنائى |
| 650 | 0 | 4 | _aالاساطير |
| 650 | 0 | 4 | _aالملاحم |
| 650 | 0 | 4 | _aالشعر القصصى |
| 650 | 0 | 4 | _aالادب الكردى |
| 650 | 0 | 4 | _aالشعر الكردى |
| 942 |
_2ddc _cBK |
||
| 999 |
_c42130 _d42130 |
||